LEADER 01168nam a2200253 i 4500 001 000000057735 003 CaOOAMICUS 005 20251009113641.0 008 131209s1904 it u000 u ita u 013 $a28907 040 $aSeMil$bita 100 1 $aRadini Tedeschi, Giacomo Maria,$c.$0(OLS)http://semarc/name/6607 245 10$aJerusalem :$bitinerario in Palestina di Giacomo Piacentino, ossia, memorie del 2. pellegrinaggio italiano in Terra Santa /$cGiacomo Radini Tedeschi. 260 $aRoma :$bArtigianelli,$c1904. 300 $a524 p. :$bill. ;$c22 cm. 500 $aContiene : Appendice. 650 4$aPalestina.$0(OLS)http://semarc/subject/2650 650 4$aTerra Santa - Pellegrinaggi.$0(OLS)http://semarc/subject/3066 850 $aSeMil 852 $aSeMil$W1$xVenegono$y1$m2W III 66$j23889$B23889$CSeMilBibl$Z2$F23891 $81 961 $aOmaggio: Donazione 996 $6245$aJerusalem :$bitinerario in Palestina di Giacomo Piacentino, ossia, memorie del 2. pellegrinaggio italiano in Terra Santa$9(OLS)http://semarc/title/89880 996 $6260$aRoma :$bArtigianelli$9(OLS)http://semarc/publisher/33855 LEADER 01299nam a2200289 i 4500 001 000000119478 003 CaOOAMICUS 005 20031027000000.0 008 031027s2001 ug u000 u eng u 013 $a92172 020 $a9970-02-256-3 040 $aSeMil$bita 100 1 $aTemmerman, Els : de.$0(OLS)http://semarc/name/49395 245 10$aAboke Girls :$bchildren abducted in northern Uganda /$cEls de Temmerman. 260 $aKampala (Uganda) :$bFountain Publishers,$ccopyr. 2001. 300 $aviii, 160 p., [14] p. di tav. :$bill., cart. ;$c21 cm. 500 $aIn mezzo al front. : Dedica autografa al Card. C.M. Martini. - Fondo Card. C.M. Martini. 650 4$aChiesa - Uganda.$0(OLS)http://semarc/subject/12169 650 4$aMinori - Disagio.$0(OLS)http://semarc/subject/17171 650 4$aUganda - Aboke.$0(OLS)http://semarc/subject/22059 850 $aSeMil 852 $aSeMil$W1$xVenegono$y1$m3E I 70/A$j74686$B74686$CSeMilBibl$Z2$F102139 $81 941 1 $a4 961 $aOmaggio: Martini Card. Carlo Maria 996 $6020$a9970-02-256-3$9(OLS)http://semarc/number/104350 996 $6245$aAboke Girls :$bchildren abducted in northern Uganda$9(OLS)http://semarc/title/175585 996 $6260$aKampala (Uganda) :$bFountain Publishers$9(OLS)http://semarc/publisher/45910